000 00488cam a2200205ua 4500
001 8884
005 20260515114409.0
008 150216n ii |||gr||||Z||||||eng
020 _a8170966558
040 _cMAIN
041 _aeng
082 _a480
100 _aSnodgrass, M. E.,
_eAuthor.
245 1 _aGreek clasics
_cBy M. E. Snodgrass
250 _a1st.
260 _aNew Delhi:
_bKalyani,
_c1992.
300 _a420p.
653 _aHellenic languages classical Greek
942 _cBK
999 _c7971
_d7971